[Event "TCh-ITA 2012"]
[Site "Arvier ITA"]
[Date "2012.04.28"]
[Round "2"]
[White "Tomba,I"]
[Black "Vocaturo,D"]
[Result "0-1"]
[WhiteElo "2264"]
[BlackElo "2536"]

1.e4 c5 2.Nf3 d6 3.Bb5+ Bd7 4.Bxd7+ Qxd7 5.O-O Nf6 6.Re1 Nc6 7.c3 e6 8.d4 cxd4
9.cxd4 d5 10.e5 Ng8 11.Nc3 h5 12.Ne2 Be7 13.g3 Nh6 14.h3 O-O-O 15.Bd2 Rdg8
16.Qc1 Kb8 17.Rb1 Nb4 18.Rf1 Nf5 19.a3 Nc6 20.b4 Bd8 21.a4 f6 22.b5 Na5 23.exf6 gxf6
24.Bf4+ Ka8 25.Kh2 Bb6 26.Qd1 Nc4 27.Nc1 Qg7 28.Qd3 Bc7 29.Bxc7 Qxc7 30.h4 Nxg3  0-1

[Event "TCh-ITA 2012"]
[Site "Arvier ITA"]
[Date "2012.04.28"]
[Round "2"]
[White "Collutiis,D"]
[Black "Brunello,M"]
[Result "1-0"]
[WhiteElo "2493"]
[BlackElo "2263"]

1.Nf3 c5 2.e4 d6 3.Bb5+ Bd7 4.Bxd7+ Qxd7 5.O-O Nc6 6.Qe2 Nf6 7.Rd1 e6 8.d4 cxd4
9.Nxd4 Be7 10.c4 a6 11.Nc3 Qc7 12.Nc2 O-O 13.b3 Rfd8 14.Bb2 Rac8 15.Ne3 Qa5
16.f3 Ne5 17.Rac1 Nh5 18.g3 Nf6 19.Kg2 Nfd7 20.b4 Qxb4 21.Ncd5 exd5 22.Nxd5 Qc5
23.Nxe7+ Kh8 24.Rd5 Qc7 25.Nxc8 Rxc8 26.c5 dxc5 27.f4 Ng6 28.Qg4 Nb6 29.Rdxc5 Qxc5
30.Rxc5 Rxc5 31.Bd4 h5 32.Qd1  1-0

[Event "TCh-ITA 2012"]
[Site "Arvier ITA"]
[Date "2012.04.28"]
[Round "2"]
[White "Castaldo,F"]
[Black "Palac,M"]
[Result "1/2-1/2"]
[WhiteElo "2417"]
[BlackElo "2593"]

1.e4 c5 2.Nf3 d6 3.Bb5+ Nd7 4.d4 cxd4 5.Qxd4 a6 6.Bxd7+ Bxd7 7.c4 Bg4 8.Nc3 Bxf3
9.gxf3 e6 10.Be3 Rc8 11.O-O-O Ne7 12.f4 Nc6 13.Qb6 Qxb6  1/2-1/2

[Event "TCh-CHN 2012"]
[Site "Beijing CHN"]
[Date "2012.04.28"]
[Round "1"]
[White "Ma Qun"]
[Black "Le Quang Liem"]
[Result "1/2-1/2"]
[WhiteElo "2481"]
[BlackElo "2698"]

1.e4 c5 2.Nf3 d6 3.Bb5+ Nc6 4.O-O Bd7 5.Re1 Nf6 6.c3 g6 7.d4 Bg7 8.d5 Ne5
9.Bf1 Nxf3+ 10.Qxf3 O-O 11.Bg5 h6 12.Bh4 Ng4 13.Nd2 b5 14.h3 Ne5 15.Qe3 g5
16.Bg3 Ng6 17.Nf3 Qb6 18.a3 f5 19.exf5 Bxf5 20.Bd3 c4 21.Bxf5 Qxe3 22.Be6+ Qxe6
23.Rxe6 Kh7 24.h4 Bf6 25.h5 Nh4 26.Bxh4 gxh4 27.Kh2 Rf7 28.Kh3 Rg8 29.Rg1 a5
30.Re4 Bxc3 31.bxc3 Rxf3+ 32.gxf3 Rxg1 33.Rxe7+ Rg7 34.Re6 Rf7 35.Rxd6 Rxf3+
36.Kxh4 Rxc3 37.Rb6 Kg7 38.Rxb5 Rxa3 39.Kg4 c3 40.Kf5 c2 41.Rb7+ Kf8 42.Ke6 c1=R
43.Rb8+ Kg7 44.Rb7+ Kf8  1/2-1/2

[Event "RBTT Heroes Day Cup 2012"]
[Site "Bridgetown BAR"]
[Date "2012.04.28"]
[Round "3"]
[White "Denny,K"]
[Black "Zapata,Alo"]
[Result "1/2-1/2"]
[WhiteElo "2303"]
[BlackElo "2485"]

1.e4 c5 2.Nf3 d6 3.Bb5+ Nd7 4.d4 cxd4 5.Qxd4 e6 6.O-O a6 7.Bxd7+ Bxd7 8.c4 Nf6
9.Nc3 Be7 10.Bg5 Bc6 11.Rfe1 h6 12.Bh4 e5 13.Qd3 g5 14.Bg3 Nd7 15.h3 Rc8
16.b4 O-O 17.Rad1 Qe8 18.a4 a5 19.b5 Nc5 20.Qe2 Bd7 21.Nh2 f5 22.exf5 Bxf5
23.Ng4 Qg6 24.Ne3 Bd3 25.Qd2 Rf7 26.f3 Rcf8 27.Ned5 Bd8 28.Bf2 Bxc4  1/2-1/2

[Event "TCh-ITA 2012"]
[Site "Arvier ITA"]
[Date "2012.04.29"]
[Round "4"]
[White "Bellini,F"]
[Black "Stella,A"]
[Result "1/2-1/2"]
[WhiteElo "2509"]
[BlackElo "2439"]

1.e4 c5 2.Nf3 d6 3.Bb5+ Bd7 4.Bxd7+ Nxd7 5.O-O Ngf6 6.Qe2 e6 7.b3 Be7 8.Bb2 O-O
9.c4 a6 10.d3 Qc7 11.h3 b5 12.Nc3 Qb7 13.Rae1 Ne5 14.Nxe5 dxe5 15.f4 Nd7
16.f5 b4 17.Nd1 Bh4 18.Nf2 exf5 19.exf5 f6 20.Qe4 Bxf2+ 21.Rxf2 Qc7 22.g4 Rad8
23.Rg2 Rfe8 24.h4 Kh8 25.g5 Nb8 26.Re3 Nc6 27.Qg4 Qd7 28.h5 Rg8 29.Qe4 Nd4
30.Bxd4 Qxd4 31.Qxd4 Rxd4 32.h6  1/2-1/2

[Event "TCh-AUT 2 Ost 2011-12"]
[Site "Bruck AUT"]
[Date "2012.04.29"]
[Round "11"]
[White "Videki,S"]
[Black "Zilka,S"]
[Result "1/2-1/2"]
[WhiteElo "2441"]
[BlackElo "2517"]

1.e4 c5 2.Nf3 d6 3.Bb5+ Bd7 4.Bxd7+ Qxd7 5.c4 Nf6 6.Nc3 g6 7.O-O Bg7 8.d4 cxd4
9.Nxd4 O-O 10.f3 Rc8 11.b3 d5 12.cxd5 Nxd5 13.Nxd5 e6 14.Be3 exd5 15.exd5 Qxd5
16.Qd2 Nc6 17.Rad1 Nxd4 18.Bxd4 Rd8 19.Be3 Qxd2 20.Rxd2 Rxd2 21.Bxd2 Bd4+
22.Kh1 Rc8 23.Rc1 Rxc1+ 24.Bxc1 f5 25.g4 fxg4 26.fxg4 Kf7 27.Kg2 Ke6 28.Kf3 Kd5
29.h3 a6 30.Bd2 Be5  1/2-1/2

[Event "TCh-AUT 2 Ost 2011-12"]
[Site "Bruck AUT"]
[Date "2012.04.29"]
[Round "11"]
[White "Neumeier,K"]
[Black "Vlcek,S"]
[Result "1/2-1/2"]
[WhiteElo "2293"]
[BlackElo "2330"]

1.e4 c5 2.Nf3 d6 3.Bb5+ Bd7 4.Bxd7+ Qxd7 5.c4 Nc6 6.Nc3 g6 7.d4 cxd4 8.Nxd4 Bg7
9.Nde2 Nf6 10.O-O O-O 11.f3 Qd8 12.Be3 Qa5 13.Qd2 Rfc8 14.Rab1 Qb4 15.b3 a6
16.a4 Nd7 17.Rfd1 Rab8 18.Kh1 Nc5 19.Qc2 e6 20.Bd2 Qb6 21.Be3 Qb4 22.Bd2 Qb6
23.Be3 Qb4  1/2-1/2

[Event "TCh-AUT 2 Mitte 2011-12"]
[Site "Fuerstenfeld AUT"]
[Date "2012.04.29"]
[Round "11"]
[White "Singer,C"]
[Black "Danner,G"]
[Result "1/2-1/2"]
[WhiteElo "2362"]
[BlackElo "2408"]

1.e4 c5 2.Nf3 d6 3.Bb5+ Bd7 4.Bxd7+ Nxd7 5.O-O e6 6.Re1 Be7 7.b3 Bf6 8.c3 Ne5
9.d3 Nxf3+ 10.Qxf3 Ne7 11.Bb2 Nc6 12.Nd2 O-O 13.Qe2 b5 14.Nf3 b4 15.cxb4 Bxb2
16.Qxb2 Nxb4 17.Qc3 Qb6 18.a3 Nc6 19.e5 Rfd8 20.Rac1 Nxe5 21.Nxe5 dxe5 22.Rxe5 Rab8
23.Rxc5 Qxb3 24.g3 h6 25.d4 Qxc3 26.R1xc3 Rxd4 27.Rc8+ Rxc8 28.Rxc8+ Kh7
29.Rc7 Ra4 30.Rxf7 Rxa3 31.Re7 Ra6 32.h4 h5 33.Kg2 Kg6 34.Kf3 Kf6 35.Rb7 g6
36.Rc7 Ra2 37.Kg2 a5 38.Ra7 e5 39.Kf3 Ra3+ 40.Ke4 Ra4+ 41.Kf3 Ke6 42.Ra8 Ra2
43.Re8+ Kf6 44.Ra8 Ra3+ 45.Ke4 Ra4+ 46.Kf3 Ra1 47.Rf8+ Ke6 48.Re8+ Kd5 49.Rd8+ Kc4
50.Rd6 Rb1 51.Rxg6 a4 52.Ra6 Rb4 53.g4 hxg4+ 54.Kg3 Kb3 55.h5 a3 56.h6 a2
57.h7 Rb8 58.Kxg4 Rh8 59.Rb6+ Kc3 60.Ra6 Rxh7 61.Rxa2 Rf7 62.Kg3 Kd4  1/2-1/2

[Event "Norsk Sjakkfestival"]
[Site "Fagernes NOR"]
[Date "2012.04.30"]
[Round "4"]
[White "Stets,D"]
[Black "Solodovnichenko,Y"]
[Result "1/2-1/2"]
[WhiteElo "2468"]
[BlackElo "2615"]

1.e4 c5 2.Nf3 d6 3.Bb5+ Nc6 4.O-O Bd7 5.c3 Nf6 6.Re1 a6 7.Ba4 b5 8.Bc2 e5
9.d4 cxd4 10.cxd4 Be7 11.h3 O-O 12.Nc3 Re8 13.Bb3  1/2-1/2

[Event "NK Jeugd A 2012"]
[Site "Haarlem NED"]
[Date "2012.04.30"]
[Round "3.9"]
[White "Manoch,Maurice"]
[Black "Van Osch,Mees"]
[Result "0-1"]
[WhiteElo "1969"]
[BlackElo "2013"]

1.e4 c5 2.Nf3 d6 3.Bb5+ Nd7 4.d4 cxd4 5.Qxd4 a6 6.Bxd7+ Bxd7 7.c4 e6 8.O-O Nf6
9.e5 dxe5 10.Nxe5 Qc7 11.Bf4 Qc5 12.Qd3 Rd8 13.Rd1 Be7 14.Nc3 Bc6 15.Qe2 O-O
16.Nxc6 Qxc6 17.Rac1 Rxd1+ 18.Rxd1 Rc8 19.Nd5 exd5 20.Qxe7 Re8 21.cxd5 Qc2
22.Qxe8+ Nxe8 23.Re1 Nf6 24.d6 Qf5 25.h3 Qxf4 26.d7 Nxd7  0-1

[Event "MMM Open 2012"]
[Site "Krakow POL"]
[Date "2012.04.30"]
[Round "2.5"]
[White "Parol,P"]
[Black "Bus,Konrad"]
[Result "1/2-1/2"]
[WhiteElo "1933"]
[BlackElo "1994"]

1.e4 c5 2.Nf3 d6 3.Bb5+ Bd7 4.Bxd7+ Qxd7 5.c4 Nc6 6.Nc3 g6 7.d4 cxd4 8.Nxd4 Bg7
9.Be3 Nf6 10.f3 O-O 11.O-O Rfc8 12.b3 Rab8 13.Qd2 a6 14.a4 Nxd4 15.Bxd4 Ne8
16.Nd5 Bxd4+ 17.Qxd4 Rd8 18.Nb6 Qc6 19.Nd5 Qd7 20.Nb6 Qc6 21.Nd5  1/2-1/2

[Event "ch-LAT w 2012"]
[Site "Riga LAT"]
[Date "2012.05.03"]
[Round "7"]
[White "Ungure,L"]
[Black "Limanovska,Elizabete"]
[Result "1-0"]
[WhiteElo "2062"]
[BlackElo "1647"]

1.e4 c5 2.Nf3 d6 3.Bb5+ Bd7 4.Bxd7+ Qxd7 5.c4 Nf6 6.Nc3 Nc6 7.d4 cxd4 8.Nxd4 e6
9.O-O Be7 10.h3 O-O 11.Be3 Rac8 12.b3 a6 13.Qe2 Qc7 14.Rac1 Nd7 15.f4 Bf6
16.Nf3 Qa5 17.Bd2 Qb6+ 18.Kh2 Nd4 19.Nxd4 Bxd4 20.Rfd1 Nf6 21.Re1 Bf2 22.Be3 Bxe3
23.Qxe3 Qxe3 24.Rxe3 d5 25.e5 Nd7 26.Rd1 Nb6 27.cxd5 Nxd5 28.Nxd5 exd5 29.Rxd5 f6
30.e6 Rc7 31.Red3 Re7 32.f5 g6 33.g4 Kg7 34.Rd7 Re8 35.Rxe7+ Rxe7 36.Rd7 Kf8
37.Rxe7 Kxe7 38.Kg3 g5 39.Kf3 h6 40.Ke4 Kd6 41.Kd4 b6 42.a4 b5 43.axb5 axb5
44.Kc3  1-0

[Event "Norsk Sjakkfestival"]
[Site "Fagernes NOR"]
[Date "2012.05.05"]
[Round "9"]
[White "Rozentalis,E"]
[Black "Smith,Ax"]
[Result "1-0"]
[WhiteElo "2601"]
[BlackElo "2478"]

1.e4 c5 2.Nf3 d6 3.Bb5+ Nc6 4.d4 cxd4 5.Qxd4 Nf6 6.e5 Qa5+ 7.Nc3 Qxb5 8.Nxb5 Nxd4
9.Nfxd4 dxe5 10.Nf3 Nd5 11.O-O Bd7 12.Rd1 Bxb5 13.Rxd5 Bc6 14.Rxe5 e6 15.Nd4 Bd7
16.b3 Be7 17.Bb2 Bf6 18.Re2 b5 19.Rc1 Rc8 20.c4 bxc4 21.Rxc4 Rxc4 22.bxc4 O-O
23.Nb3 Bxb2 24.Rxb2 Rb8 25.Rd2 Be8 26.f3 Kf8 27.Kf2 Rc8 28.Rc2 e5 29.Ke3 f6
30.c5 Ke7 31.Rc4 Ke6 32.h4 Kd5 33.Rc1 Rc7 34.f4 exf4+ 35.Kxf4 Ba4 36.Rd1+ Kc4
37.Rc1+ Kd5 38.Rd1+ Kc4 39.Rc1+ Kb4 40.Nd4 Rxc5 41.a3+  1-0

[Event "Copenhagen Chess Challenge 2012"]
[Site "Ballerup DEN"]
[Date "2012.05.06"]
[Round "8"]
[White "Jensen,Simon Stibolt"]
[Black "Haubro,M"]
[Result "0-1"]
[WhiteElo "1667"]
[BlackElo "2092"]

1.e4 c5 2.Nf3 d6 3.Bb5+ Nd7 4.O-O Nf6 5.Nc3 e5 6.d3 h6 7.Be3 a6 8.Bc4 Be7
9.Qd2 Nb6 10.Bd5 Nfxd5 11.Nxd5 Nxd5 12.exd5 f5 13.Qc1 f4 14.Bd2 O-O 15.Be1 Qe8
16.Nd2 f3 17.Nxf3 Rxf3 18.gxf3 Bh3 19.Kh1 Bxf1 20.Bd2 Be2 21.Bxh6 Bxf3+ 22.Kg1 Qg6+  0-1

[Event "4NCL 2011-12"]
[Site "Hinkley ENG"]
[Date "2012.05.06"]
[Round "10.155"]
[White "Bisby,D"]
[Black "Snape,I"]
[Result "1/2-1/2"]
[WhiteElo "2264"]
[BlackElo "2231"]

1.e4 c5 2.Nf3 d6 3.Bb5+ Nc6 4.O-O Bd7 5.Re1 Nf6 6.c3 a6 7.Bf1 Bg4 8.h3 Bh5
9.d3 e6 10.Bf4 Be7 11.Nbd2 d5 12.Qc2 O-O 13.Ne5 Nxe5 14.Bxe5 dxe4 15.dxe4 b5
16.a4 Qb6 17.Bf4 c4 18.b3 cxb3 19.Qxb3 Bc5 20.Be3 Rab8 21.axb5 axb5 22.Bxc5 Qxc5
23.Qb4 Rfc8 24.Re3 Bg6 25.Qxc5 Rxc5 26.f3 e5 27.Ra5 Ne8 28.Nb3 Rcc8 29.Rxb5 Rxb5
30.Bxb5 Nd6 31.Ba6 Rc6 32.Be2 f5 33.exf5 Nxf5 34.Rxe5 Rxc3 35.Rc5 Nd4 36.Bc4+  1/2-1/2

[Event "4NCL 2011-12"]
[Site "Hinkley ENG"]
[Date "2012.05.06"]
[Round "10.117"]
[White "Speelman,J"]
[Black "Bellin,R"]
[Result "1-0"]
[WhiteElo "2507"]
[BlackElo "2355"]

1.e4 c5 2.Nf3 d6 3.Bb5+ Bd7 4.Bxd7+ Nxd7 5.O-O e6 6.Re1 Be7 7.d3 Ngf6 8.Nbd2 Qc7
9.Nf1 h6 10.b3 Ng4 11.Bb2 Nge5 12.c3 Nxf3+ 13.Qxf3 Bf6 14.d4 O-O-O 15.Ne3 Kb8
16.Ng4 cxd4 17.cxd4 h5 18.Nxf6 Nxf6 19.d5 e5 20.Bc1 Qd7 21.Bg5 Qg4 22.Qe3 h4
23.h3 Qh5 24.Qd2 Qg6 25.f3 Rc8 26.Rac1 Nh5 27.Rxc8+ Rxc8 28.Bxh4 Nf4 29.Kh2 a6
30.Bg3 Qg5 31.Bxf4 exf4 32.Rc1 Rxc1 33.Qxc1 Qe5 34.Qd2 g5 35.Qc2 Qd4 36.a4 a5
37.Qc1 f6 38.Qe1 b6 39.Qc1 Qc5 40.Qb2  1-0

[Event "Asian Continental 2012"]
[Site "Ho Chi Minh City VIE"]
[Date "2012.05.06"]
[Round "2.8"]
[White "Megaranto,S"]
[Black "Gao Rui"]
[Result "1/2-1/2"]
[WhiteElo "2517"]
[BlackElo "2427"]

1.e4 c5 2.Nf3 d6 3.Bb5+ Nc6 4.d4 cxd4 5.Qxd4 Bd7 6.Bxc6 Bxc6 7.Nc3 Nf6 8.Bg5 e6
9.O-O-O Be7 10.Rhe1 O-O 11.Kb1 h6 12.Bh4 a6 13.Qd3 Rc8 14.Nd4 Re8 15.Nxc6 Rxc6
16.Ne2 Qa5 17.Nd4 Rcc8 18.f3 Qc7 19.Nb3 b5 20.Re2 Red8 21.Be1 Qb7 22.Ba5 Re8
23.Bc3 Nd7 24.Qd4 Bf8 25.g4 Ne5 26.Na5 Qc7 27.f4 Nd7 28.Nb3 e5 29.Qf2 exf4
30.Qxf4 Qc4 31.Qf3 Ne5 32.Qg2 Ng6 33.Qf3 Ne5 34.Qg2 Ng6 35.Qf3 Ne5 36.Qg2 Ng6
37.Qf3 Ne5 38.Qg2 Ng6  1/2-1/2

[Event "Asian Continental 2012"]
[Site "Ho Chi Minh City VIE"]
[Date "2012.05.06"]
[Round "2.23"]
[White "Lu Shanglei"]
[Black "Narayanan,Sri"]
[Result "1-0"]
[WhiteElo "2522"]
[BlackElo "2383"]

1.e4 c5 2.Nf3 d6 3.Bb5+ Nd7 4.c3 Nf6 5.Qe2 a6 6.Ba4 Qc7 7.Bc2 c4 8.a4 Rb8
9.Na3 b5 10.axb5 axb5 11.d3 cxd3 12.Bxd3 e5 13.Nxb5 Qd8 14.b4 Be7 15.O-O O-O
16.Rd1 Bb7 17.c4 Bc6 18.Bc2 Bxb5 19.cxb5 Qb6 20.Bd3 d5 21.exd5 Bxb4 22.Ra6 Qb7
23.Ng5 h6 24.Ne4 Nxd5 25.Bxh6 N7b6 26.Bxg7  1-0

[Event "TCh-HUN 2011-12"]
[Site "Kecskemet HUN"]
[Date "2012.05.06"]
[Round "10"]
[White "Nevednichy,V"]
[Black "Keresztes,R"]
[Result "1-0"]
[WhiteElo "2540"]
[BlackElo "2273"]

1.e4 c5 2.Nf3 d6 3.Bb5+ Bd7 4.Bxd7+ Qxd7 5.O-O Nc6 6.c3 Nf6 7.d4 e5 8.Re1 Be7
9.d5 Nb8 10.a4 O-O 11.Nbd2 Ne8 12.Qb3 g6 13.Nc4 Ng7 14.Na5 b6 15.Nc4 Na6
16.Bh6 Nc7 17.Rad1 Bf6 18.Nfd2 Rfe8 19.f4 Nh5 20.fxe5 dxe5 21.Nf3 Nf4 22.d6 Na6
23.Qb5 Nb8 24.Ne3 Bd8 25.Nxe5 Nh3+ 26.gxh3 Rxe5 27.Nd5 a6 28.Qf1 Re6 29.Nf4 Re8
30.e5 Nc6 31.e6 fxe6 32.Rxe6 Rxe6 33.Nxe6 Bh4 34.Nc7 Rd8 35.Qc4+  1-0

[Event "Nakhchivan Open 2012"]
[Site "Nakhchivan AZE"]
[Date "2012.05.06"]
[Round "9.1"]
[White "Tiviakov,S"]
[Black "Zhigalko,S"]
[Result "1/2-1/2"]
[WhiteElo "2673"]
[BlackElo "2649"]

1.e4 c5 2.Nf3 d6 3.Bb5+ Nd7 4.d4 cxd4 5.Qxd4 a6 6.Bxd7+ Bxd7 7.c4 b5 8.Na3 e5
9.Qd3 Qb6 10.O-O Qb7 11.Re1 h6 12.b3 Nf6 13.Nc2 Be7 14.Ba3 Bc6 15.Nd2 O-O
16.f3 Rfd8 17.Nf1 Bd7 18.Nfe3 Be6 19.Rad1 Rac8 20.Bb4 bxc4 21.bxc4 Qa7 22.Na3 Rb8
23.Ba5 Rdc8 24.Kh1 Qc5 25.Qc3 Bd8 26.Bxd8 Rxd8 27.Rd3 Rdc8 28.Qd2 Rc6 29.Rc1 Kh7
30.Rc2 Qb4 31.Qc1 Qa5 32.h3 Rb4 33.Kh2 Ra4 34.Nf1 Nh5 35.Ne3 Nf6 36.Rcc3 Nd7
37.Nd5 Nb6 38.Qc2 Bxd5 39.Rxd5 Rc5 40.Rxd6 Nc8 41.Rdd3 Ne7 42.Qb2 Qc7 43.Rb3 Rca5
44.Rb4 Rxb4 45.Qxb4 Nc6 46.Qb2 Nd4 47.Rc3 Qc5 48.Rd3 Ra4 49.Qc1 f6 50.Qe3 Ra5
51.Rc3 Ra4 52.Qd3 Ra5 53.Qe3 Ra4 54.h4 Kh8 55.Rd3 Kh7 56.Qc1 Kh8 57.Qe3 Kh7
58.Rc3 Kh8 59.Qd3 Ra5 60.Kh3 Ne6 61.Qe3 Nd4 62.Rd3 Kh7 63.Kh2 Ra4 64.Rc3 Ra5
65.Qd3 Kh8 66.Qe3 Ra4 67.Qd3 Ra5 68.Kh1 Ra4 69.Kh2 Ra5  1/2-1/2

[Event "Ostravsky Konik A"]
[Site "Ostrava CZE"]
[Date "2012.05.06"]
[Round "9.7"]
[White "Vojtek,V"]
[Black "Malik,J"]
[Result "0-1"]
[WhiteElo "2345"]
[BlackElo "2321"]

1.e4 c5 2.Nf3 d6 3.Bb5+ Bd7 4.Bxd7+ Qxd7 5.c4 Nc6 6.Nc3 g6 7.d4 cxd4 8.Nxd4 Bg7
9.Be3 Nf6 10.f3 O-O 11.O-O Rac8 12.b3 Rfd8 13.Qd2 e6 14.Rad1 d5 15.exd5 exd5
16.c5 Re8 17.Bf2 Ne5 18.Na4 h6 19.Rfe1 Kh7 20.Re2 Re7 21.Rde1 Rce8 22.Nc3 h5
23.Ndb5 Nc6 24.Rxe7 Rxe7 25.Rd1 a6 26.Nd6 d4 27.Ne2 b6 28.Nxd4 bxc5 29.Nxc6 Qxc6
30.Nc4 Rd7 31.Qe2 Rxd1+ 32.Qxd1 Nd7 33.Qd2 Kg8 34.h3 Bf8 35.Qd3 Qe6 36.Kf1 Nf6
37.Qd8 Qf5 38.Nd2 Kg7 39.Ke2 Qe5+ 40.Be3 Be7 41.Qd3 Nd5 42.Ne4 f5  0-1

[Event "FSGM May 2012"]
[Site "Budapest HUN"]
[Date "2012.05.07"]
[Round "3"]
[White "Estrada Nieto,J"]
[Black "Rodriguez Lopez,Ra"]
[Result "1-0"]
[WhiteElo "2309"]
[BlackElo "2265"]

1.e4 c5 2.Nf3 d6 3.Bb5+ Nd7 4.c3 Nf6 5.Qe2 a6 6.Ba4 g6 7.O-O Bg7 8.d4 b5
9.Bc2 cxd4 10.cxd4 Nb6 11.Nc3 O-O 12.h3 Bb7 13.a3 Rc8 14.Rd1 Qc7 15.Bd3 e5
16.dxe5 dxe5 17.Bg5 h6 18.Be3 Nc4 19.Rac1 Nxe3 20.Qxe3 Qe7 21.Bb1 Rfd8 22.Qb6 Rxd1+
23.Rxd1 Bf8 24.Nxe5 Kg7 25.Nd7 Bxe4 26.Nxf6 Bxb1 27.Nfd5 Qh4 28.g3 Qxh3 29.Qf6+ Kg8
30.Rxb1 Rc4 31.Re1 Rg4 32.Ne7+ Bxe7 33.Rxe7 Rxg3+ 34.fxg3 Qxg3+ 35.Kf1  1-0

[Event "4NCL 2011-12"]
[Site "Hinkley ENG"]
[Date "2012.05.07"]
[Round "9.64"]
[White "Pinter,G"]
[Black "Stewart,Joseph J"]
[Result "1/2-1/2"]
[WhiteElo "2360"]
[BlackElo "2101"]

1.e4 c5 2.Nf3 d6 3.Bb5+ Bd7 4.Bxd7+ Nxd7 5.Qe2 Ngf6 6.O-O e6 7.c4 Ne5 8.Nc3 a6
9.Rd1 Nxf3+ 10.Qxf3 e5 11.d3 h6 12.a3 g6 13.b4 b6 14.Rb1 Bg7 15.Rd2 O-O 16.Rdb2 Ra7
17.Qd1 Nd7 18.Be3 f5 19.f3 Nf6 20.bxc5 bxc5 21.Qa4 Qc7 22.Rb6 Rfa8 23.Rc6 Qd7
24.Rbb6 Ne8 25.Qa5 Qd8 26.Nd5 f4 27.Bd2 g5 28.h3 h5 29.Rb1 Bf6 30.Qb6 Be7
31.Qb3 Qd7 32.Rb6 Bd8 33.Rb8 Rxb8 34.Qxb8 Kf7 35.Rb2 Nf6 36.Bc3 Nxd5 37.cxd5  1/2-1/2

[Event "4NCL 2011-12"]
[Site "Hinkley ENG"]
[Date "2012.05.07"]
[Round "9.15"]
[White "Naylor,J"]
[Black "Gordon,S"]
[Result "0-1"]
[WhiteElo "2174"]
[BlackElo "2535"]

1.e4 c5 2.Nf3 d6 3.Bb5+ Nd7 4.d4 cxd4 5.Qxd4 a6 6.Bxd7+ Bxd7 7.Nc3 Rc8 8.O-O Bc6
9.Bg5 h6 10.Bh4 e5 11.Qe3 g5 12.Bg3 Nf6 13.h4 g4 14.Nd2 b5 15.f4 gxf3 16.Qxf3 Bg7
17.h5 Qd7 18.Bh4 Nh7 19.Ne2 f5 20.Qxf5 Qxf5 21.exf5 Bf6 22.Bg3 Rg8 23.Kh2 Bg5
24.Rad1 Nf6  0-1

[Event "4NCL 2011-12"]
[Site "Hinkley ENG"]
[Date "2012.05.07"]
[Round "9.28"]
[White "Lauterbach,I"]
[Black "Eggleston,D"]
[Result "1/2-1/2"]
[WhiteElo "2075"]
[BlackElo "2367"]

1.e4 c5 2.Nf3 d6 3.Bb5+ Nd7 4.O-O Nf6 5.Re1 a6 6.Bf1 b5 7.c3 Bb7 8.d3 e6
9.Nbd2 Be7 10.d4 cxd4 11.Nxd4 Nc5 12.f3 Qb6 13.Kh1 g5 14.N2b3 g4 15.Be3 gxf3
16.gxf3 Rg8 17.Bg2 O-O-O 18.Qe2 Rg6 19.Nd2 Rdg8 20.Rg1 Qc7 21.b4 Nh5 22.Bh3 Nd7
23.Rxg6 Rxg6 24.c4 Bf6 25.cxb5 Bxd4 26.Bxd4 Nf4 27.Qf1 Kd8 28.Rc1 Qb8 29.bxa6 Bxa6
30.Qxa6 Nxh3 31.Qa5+ Ke8 32.Qh5 Nf4 33.Qxh7 e5 34.Qh8+ Nf8 35.Be3 Nd3 36.Rb1 Qb7
37.b5 d5 38.Qh4 d4 39.Bf2 Ne6 40.Bg3 Kd7 41.Qh7 Ng5 42.Qh4 Rg7 43.Qg4+ Ne6
44.Qf5 Ke7 45.Bh4+ Kf8 46.Nc4 Kg8 47.Nxe5 Nxe5 48.Qxe5 Qb6 49.Bf2 Rg5 50.Rg1 Rxg1+
51.Kxg1 Qa7 52.Qd5 Qc7 53.h4 Qc1+ 54.Kh2 Qf4+ 55.Kg2 Qd2 56.Qa8+ Kg7 57.b6 Nf4+
58.Kg3 Nh5+ 59.Kg2 Nf4+ 60.Kg3 Nh5+  1/2-1/2

[Event "4NCL 2011-12"]
[Site "Hinkley ENG"]
[Date "2012.05.07"]
[Round "11.152"]
[White "Arakhamia-Grant,K"]
[Black "Cernousek,L"]
[Result "1-0"]
[WhiteElo "2443"]
[BlackElo "2438"]

1.e4 c5 2.Nf3 d6 3.Bb5+ Bd7 4.Bxd7+ Qxd7 5.O-O Nf6 6.Re1 Nc6 7.c3 e6 8.d4 cxd4
9.cxd4 d5 10.e5 Ne4 11.Nbd2 Nxd2 12.Bxd2 Be7 13.Rc1 O-O 14.Rc3 Rfc8 15.a3 b5
16.Rd3 Qd8 17.h4 h6 18.Nh2 b4 19.Qh5 Qf8 20.Ng4 Kh7 21.Rf3 Nd8 22.Bxh6 gxh6
23.Nf6+ Bxf6 24.exf6 bxa3 25.bxa3 e5 26.Rxe5 Ne6 27.Rxd5 Rc1+ 28.Kh2 Qb8+
29.Re5 Qc7 30.Qf5+ Kh8 31.Qh5 Kh7 32.Rg3 Rb8 33.Rxe6 Rbb1 34.Qf5+  1-0

[Event "Asian Continental 2012"]
[Site "Ho Chi Minh City VIE"]
[Date "2012.05.07"]
[Round "3.9"]
[White "Wang Chen"]
[Black "Sethuraman,S"]
[Result "0-1"]
[WhiteElo "2482"]
[BlackElo "2546"]

1.e4 c5 2.Nf3 d6 3.Bb5+ Nd7 4.O-O Nf6 5.Re1 a6 6.Bxd7+ Nxd7 7.c3 e6 8.d4 Be7
9.a4 O-O 10.Bf4 b6 11.dxc5 Nxc5 12.b4 e5 13.bxc5 exf4 14.cxb6 Qxb6 15.Qd4 Rb8
16.Nbd2 Be6 17.e5 dxe5 18.Qxe5 Bf6 19.Qxf4 Bxc3 20.Rab1 Qd8 21.Rxb8 Qxb8
22.Qe3 Bb4 23.Ra1 h6 24.Ne4 Bf5 25.Ng3 Re8 26.Qd4 Be6 27.Rb1 a5 28.Nh5 f6
29.Rd1 Bf8 30.Nf4 Bf7 31.Nd5 Qb3 32.Rd3 Qb7 33.h4 Qc6 34.Nc3 Bb4 35.Nb5 Qc1+
36.Kh2 Qc2 37.Nd6 Rd8 38.Qb6 Rxd6 39.Rxd6 Bxd6+ 40.Qxd6 Qxa4 41.Nd4 Qb4 42.Qd8+ Qf8
43.Qb6 a4 44.Qa7 a3 45.Nf5 a2 46.h5 Qe8 47.Ne7+ Qxe7  0-1

[Event "Tschaturanga Open"]
[Site "Vienna AUT"]
[Date "2012.05.07"]
[Round "1.1"]
[White "Pruell,L"]
[Black "Stanec,N"]
[Result "0-1"]
[WhiteElo "1901"]
[BlackElo "2532"]

1.e4 c5 2.Nf3 d6 3.Bb5+ Nd7 4.d4 Nf6 5.O-O a6 6.Bxd7+ Nxd7 7.Be3 e6 8.c4 b5
9.Qc2 Be7 10.Rd1 O-O 11.dxc5 dxc5 12.Nc3 b4 13.Ne2 Qc7 14.Bf4 Qc6 15.Rd2 f6
16.Ng3 Re8 17.e5 f5 18.Rad1 h6 19.Rd6 Bxd6 20.Rxd6 Qc7 21.Nxf5 exf5 22.Qxf5 Nxe5
23.Qh5 Bg4  0-1

[Event "Asian Continental 2012"]
[Site "Ho Chi Minh City VIE"]
[Date "2012.05.08"]
[Round "4.32"]
[White "Wahono,A"]
[Black "Pitra,Andika"]
[Result "0-1"]
[WhiteElo "2405"]
[BlackElo "2327"]

1.e4 c5 2.Nf3 d6 3.Bb5+ Nd7 4.O-O a6 5.Bxd7+ Bxd7 6.d4 cxd4 7.Nxd4 Nf6 8.Re1 e5
9.Nb3 Bc6 10.Nc3 Be7 11.Bg5 b5 12.a3 O-O 13.Qf3 Rc8 14.Re3 Nxe4 15.Bxe7 Qxe7
16.Qh5 Nxc3 17.Rxc3 Bb7 18.Rh3 h6 19.Rg3 Kh8 20.c3 Qe6 21.Nd2 f5 22.Re1 f4
23.Rg6 Rf6 24.Rxf6 Qxf6 25.Qe2 Qg6 26.f3 Qc2 27.Nf1 Qxe2 28.Rxe2 g5 29.Nd2 Kg7
30.Nb3 Kf6 31.Rd2 Ke6 32.Kf2 h5 33.h3 g4 34.hxg4 hxg4 35.Rd1 Rh8 36.Nd2 Kf5
37.a4 Bc6 38.axb5 axb5 39.c4 gxf3 40.gxf3 bxc4 41.Nxc4 Rh2+ 42.Kg1 Rh1+ 43.Kxh1 Bxf3+
44.Kg1 Bxd1 45.Nxd6+ Ke6 46.Ne4 Bc2 47.Nc3 Bb3 48.Kf2 Kf5 49.Kf3 e4+ 50.Ke2 Ke5
51.Kf2 Bc4 52.Nb1 Kd4 53.Nc3 Kd3  0-1

[Event "Asian Continental 2012"]
[Site "Ho Chi Minh City VIE"]
[Date "2012.05.08"]
[Round "4.3"]
[White "Megaranto,S"]
[Black "Zhao Jun"]
[Result "1-0"]
[WhiteElo "2517"]
[BlackElo "2577"]

1.e4 c5 2.Nf3 d6 3.Bb5+ Nd7 4.d4 cxd4 5.Qxd4 a6 6.Bxd7+ Bxd7 7.O-O Rc8 8.c4 Qc7
9.b3 e5 10.Qd3 b5 11.Na3 Qb7 12.Re1 Nf6 13.Bg5 Nh5 14.cxb5 axb5 15.Nc2 h6
16.Bd2 Be7 17.Nb4 Be6 18.a4 bxa4 19.bxa4 Bc4 20.Qb1 O-O 21.a5 Qa8 22.a6 Be6
23.a7 Rc7 24.Be3 Nf6 25.Rc1 Rxc1+ 26.Qxc1 Rc8 27.Nc6 Bf8 28.Nd2 Bd7 29.Nc4 Rxc6
30.h3 Nxe4 31.Nb6 Rxb6 32.Bxb6 Nc5 33.Qa3 Na4 34.Qb3 Qe8 35.Be3 Bc6 36.Rxa4 Ba8
37.Qb8 Qc6 38.Qxa8  1-0

[Event "Asian Continental 2012"]
[Site "Ho Chi Minh City VIE"]
[Date "2012.05.09"]
[Round "5.17"]
[White "Wang Chen"]
[Black "Gopal,G"]
[Result "1/2-1/2"]
[WhiteElo "2482"]
[BlackElo "2562"]

1.e4 c5 2.Nf3 d6 3.Bb5+ Nd7 4.O-O a6 5.Bxd7+ Bxd7 6.c3 e6 7.d4 Ne7 8.dxc5 dxc5
9.Ne5 Ng6 10.Nxd7 Qxd7 11.f4 O-O-O 12.Qxd7+ Rxd7 13.Be3 c4 14.b3 cxb3 15.axb3 Bd6
16.g3 Rhd8 17.Kf2 h5 18.Ke2 h4 19.Ra2 Rh8 20.Nd2 hxg3 21.hxg3 Rh3 22.Bf2 Bc7
23.e5 f6 24.exf6 gxf6 25.Ne4 f5 26.Ng5 Rh8 27.Rd2 Rxd2+ 28.Kxd2 e5 29.Nf7 Rh2
30.fxe5 Nxe5 31.Nxe5 Bxe5 32.Kd3 Kd7 33.Bd4  1/2-1/2

[Event "Spring Wednesday Knighter Masters"]
[Site "Minneapolis USA"]
[Date "2012.05.09"]
[Round "3.4"]
[White "Zelkind,E"]
[Black "Drake,J"]
[Result "1/2-1/2"]
[WhiteElo "2140"]
[BlackElo "2191"]

1.e4 c5 2.Nf3 d6 3.Bb5+ Nd7 4.a4 Nf6 5.Bd3 e6 6.O-O c4 7.Bxc4 Nxe4 8.d3 Nef6
9.Nc3 d5 10.Ba2 Bd6 11.Qe2 O-O 12.Nb5 Bb8 13.Bd2 Re8 14.Bb4 Nf8 15.Ne5 Ng6
16.d4 a6 17.Nc3 Qb6 18.Bc5 Qxb2 19.Qd2 Bxe5 20.Rfb1 Bf4 21.Qd3 Bc1 22.Rxb2 Bxb2
23.Rb1 Nf4 24.Qe3 Bxc3 25.Qxf4 Bd7 26.Rxb7 e5 27.Qf3 exd4 28.h3 Rac8 29.Bxd5 Nxd5
30.Qxd5 Be6 31.Qd6 Rcd8 32.Re7 Rf8 33.Qxa6 Bf5 34.Re5 d3 35.cxd3 Bxe5 36.Bxf8 Rxf8  1/2-1/2

[Event "ch-USA w 2012"]
[Site "Saint Louis USA"]
[Date "2012.05.09"]
[Round "2"]
[White "Melekhina,A"]
[Black "Krush,I"]
[Result "1/2-1/2"]
[WhiteElo "2242"]
[BlackElo "2457"]

1.e4 c5 2.Nf3 d6 3.Bb5+ Bd7 4.Bxd7+ Qxd7 5.O-O Nc6 6.d4 cxd4 7.Nxd4 Nf6 8.Re1 g6
9.Nxc6 bxc6 10.Nd2 Bg7 11.Nf3 d5 12.exd5 cxd5 13.Bf4 O-O 14.Be5 Qb7 15.Qd3 Rac8
16.Rad1 a6 17.b3 Qb5 18.Re2 Qxd3 19.Rxd3 e6 20.Rd4 Rc6 21.c4 Rfc8 22.Nd2 h5
23.g3 a5 24.Rd3 dxc4 25.bxc4 a4 26.Kg2 Ne8 27.Bxg7 Kxg7 28.Rd7 R8c7 29.Rxc7 Rxc7
30.Re3 Nd6 31.Ra3 Ra7 32.Rd3 Ra6 33.c5 Nb7 34.Ne4 Rc6 35.Rd4 a3 36.Ra4 f5
37.Ra7 fxe4 38.Rxb7+ Kf6 39.Ra7 Rxc5 40.Rxa3 Rc2 41.h4 Kf5 42.Ra5+ e5 43.Ra3 Rb2
44.Kf1 Rc2  1/2-1/2